Đang tải...

Productivity statistics: Productivity indexes and levels in APO member countries

Chi tiết về thư mục
Tác giả chính: APO
Định dạng: Printed Book
Được phát hành: Asian Productivity Organization: Japan 1997
Những chủ đề:
LEADER 00602nam a2200193 4500
020 |a 9283316193 
082 |a 658.5 APO-P 
100 |a APO 
245 |a Productivity statistics: Productivity indexes and levels in APO member countries  |c APO 
250
260 |a Asian Productivity Organization: Japan  |c 1997 
300 |a 127 p 
490
500
590 |b Gift 
650 |a Production and operations management--Product management 
942 |c BK 
999 |c 137273  |d 137273 
952 |0 0  |1 0  |4 0  |6 658_500000000000000_APOP  |7 0  |9 150733  |a IMK  |b IMK  |l 0  |o 658.5 APO-P  |p IMK04279  |r 2019-10-25  |w 2019-10-25  |y BK